000 00350pab a2200145 454500
008 180718b1990 xxu||||| |||| 00| 0 eng d
100 _aMehra, Ajay K
245 _aRole of media during Jaipur riots
260 _c1990
300 _a11,13
362 _a17 Feb.
650 _aMass Media - India - Rajasthan
773 _aMainstream
909 _a13556
999 _c13556
_d13556